My Little Pony - Winter Wrap Up - Lyrics Quiz - Statistics

General Stats
  • This quiz has been taken 47 times
  • The average score is 324 of 452
Answer Stats
Character Lyrics % Correct
Up!
97%
up
97%
winter
97%
Choir Winter
97%
Wrap
97%
holiday
90%
a
83%
A
83%
I
83%
my
83%
the
83%
Twilight Sparkle The
83%
we
83%
We
83%
cheer
79%
is
79%
let
79%
Let's
79%
our
79%
out
79%
to
79%
To
79%
And
76%
and
76%
can
76%
here!
76%
here
76%
in
76%
of
76%
spring
76%
tomorrow
76%
With
76%
with
76%
boots
72%
Applejack But
72%
Applejack | Choir | Pinkie Pie | Twilight Sparkle 'Cause
72%
cold
72%
do?
72%
do
72%
do!
72%
Do
72%
finish
72%
have
72%
it
72%
love
72%
magic?
72%
magic
72%
old
72%
Time
72%
time
72%
all
69%
clear
69%
food
69%
getting
69%
grow
69%
grow!
69%
help?
69%
help
69%
Help
69%
it's
69%
It's
69%
Its
69%
off
69%
runnin'
69%
this
69%
This
69%
welcome
69%
without
69%
can't
66%
even
66%
fashion's
66%
How
66%
months
66%
must
66%
play
66%
say
66%
So
66%
so
66%
though
66%
Rainbow Dash Three
66%
warm
66%
Pinkie Pie We've
66%
we've
66%
clue!
62%
come
62%
from
62%
goodbye
62%
has
62%
haven't
62%
see
62%
snow
62%
stored
62%
sun
62%
What
62%
what
62%
work
62%
also
59%
awesome
59%
birds
59%
clouds
59%
coolness
59%
got
59%
holidays
59%
home
59%
sunshine
59%
will
59%
kept
55%
southern
55%
wake
55%
at
52%
fit
52%
hoofsies
52%
ice
52%
Applejack No
52%
Pegasus'
52%
Plant
52%
skies
52%
things
52%
white
52%
you
52%
back
48%
Rainbow Dash Bringing
48%
clean
48%
clearing
48%
does
48%
families
48%
gloomy
48%
green
48%
job
48%
melt
48%
Twilight Sparkle Now
48%
their
48%
them
48%
they
48%
beauty
45%
begins
45%
heads
45%
seeds
45%
sleepy
45%
task
45%
that
45%
best
41%
care
41%
critters
41%
Earth
41%
everypony
41%
find
41%
glow!
41%
I'm
41%
know
41%
much
41%
new,
41%
nice
41%
pony
41%
proper
41%
tiny
41%
way
41%
gather
38%
just
38%
quietly
38%
today
38%
today!
38%
too
38%
warmth
38%
Apple,
34%
below
34%
carrots,
34%
comes
34%
hard
34%
hibernate
34%
homes
34%
Rarity Little
34%
place
34%
very
34%
Rainbow Dash and Pinkie Pie When
34%
celery
31%
Colorful
31%
easy
31%
Everyone
31%
feeds
31%
flowers
31%
ground
31%
ahead
28%
Fix
28%
move
28%
stalks
28%
Tough
28%
Under
28%
belong
24%
face
21%
heart
21%
wanna
17%
No matching quizzes found
Score Distribution
Percent of People with Each Score
Percentile by Number Answered
Your Score History
You have not taken this quiz